[Event "Open Hradec Kralove 2019"]
[Site "Hradec Kralove"]
[Date "2019.11.01"]
[Round "8"]
[White "Vitova, Anna"]
[Black "Kalveus, Jan"]
[Result "1-0"]
[WhiteElo "1920"]
[BlackElo "1777"]
[PlyCount "61"]
[EventDate "2019.10.26"]

1. e4 e6 2. d4 d5 3. Nd2 Nf6 4. e5 Nfd7 5. Bd3 c5 6. c3 Nc6 7. Ne2 cxd4 8. cxd4
f6 9. exf6 Nxf6 10. O-O Bd6 11. Nf3 Qc7 12. Ng3 O-O 13. Re1 e5 14. dxe5 Nxe5
15. Nd4 Nxd3 16. Qxd3 Qf7 17. Bg5 Ng4 18. Nf3 h6 19. Be3 Nxe3 20. Rxe3 Bg4 21.
Qd4 Bf4 22. Rd3 Be6 23. Re1 Qf6 24. Qb4 b6 25. Nh5 Qg6 26. Nxf4 Rxf4 27. Qxf4
Bh3 28. Qg3 Qxd3 29. Qxh3 Rf8 30. Qe6+ Kh8 31. Ne5 1-0

[Event "Open Hradec Kralove 2019"]
[Site "Hradec Kralove"]
[Date "2019.11.01"]
[Round "8"]
[White "Kraus, Ondrej"]
[Black "Aayush Bhattacherjee"]
[Result "1-0"]
[WhiteElo "1918"]
[BlackElo "1728"]
[PlyCount "107"]
[EventDate "2019.10.26"]

1. d4 d5 2. c4 e6 3. Nf3 Nf6 4. e3 Nbd7 5. Nc3 c6 6. Bd3 Bd6 7. O-O O-O 8. b3
e5 9. cxd5 cxd5 10. Nb5 Bb8 11. dxe5 Nxe5 12. Be2 Nxf3+ 13. Bxf3 Be5 14. Nd4
Ne4 15. Bb2 Qf6 16. g3 Bh3 17. Bg2 Bxg2 18. Kxg2 Qe7 19. Qe2 a6 20. Nf3 Bxb2
21. Qxb2 Rfd8 22. Qd4 Qe6 23. Rac1 Rd7 24. Rc2 Nd6 25. Rd1 Nb5 26. Qf4 Re8 27.
Kg1 Na7 28. Nd4 Qe4 29. Qxe4 dxe4 30. Rdc1 Red8 31. Rc5 Kf8 32. Kg2 Ke8 33. g4
Rd5 34. Kg3 g5 35. R1c4 b5 36. Rxd5 Rxd5 37. Rc7 Rd7 38. Rc5 f6 39. h4 h6 40.
h5 Kd8 41. a4 bxa4 42. bxa4 Nc8 43. Ra5 Rd6 44. Nf5 Rb6 45. Nxh6 Ne7 46. Nf5
Nxf5+ 47. Rxf5 Ke7 48. Rd5 Rb1 49. Kg2 Rb6 50. Rd4 Re6 51. Kg3 Re5 52. Rb4 a5
53. Rb7+ Kf8 54. Rb5 1-0

[Event "Open Hradec Kralove 2019"]
[Site "Hradec Kralove"]
[Date "2019.11.01"]
[Round "8"]
[White "Pawicka, Magdalena"]
[Black "Goetzee, Rick"]
[Result "1-0"]
[WhiteElo "1745"]
[BlackElo "1826"]
[PlyCount "93"]
[EventDate "2019.10.26"]

1. e4 d5 2. exd5 Qxd5 3. Nc3 Qd6 4. d4 Nf6 5. Nf3 c6 6. g3 Bg4 7. Bg2 e6 8. O-O
Nbd7 9. a3 Qc7 10. h3 Bxf3 11. Bxf3 Bd6 12. Ne2 O-O 13. Bf4 e5 14. dxe5 Nxe5
15. Bg2 Rad8 16. Qd4 a6 17. Rad1 Rfe8 18. Qc3 Ng6 19. Bxd6 Rxd6 20. Nd4 Red8
21. Rd2 Nf8 22. Rfd1 Ne6 23. Nxe6 fxe6 24. Bf3 Rxd2 25. Rxd2 Rxd2 26. Qxd2 Kf7
27. Kf1 Qd7 28. Ke2 Qxd2+ 29. Kxd2 Ke7 30. Kd3 Kd6 31. Kd4 e5+ 32. Kd3 b5 33.
b4 Nd5 34. c4 bxc4+ 35. Kxc4 Nb6+ 36. Kd3 Nd5 37. Kc4 Nb6+ 38. Kb3 h6 39. Be2
c5 40. Bxa6 cxb4 41. Kxb4 Kd5 42. Kb5 Nc4 43. a4 Nd6+ 44. Kb6 Ke4 45. Bb7+ Kd3
46. Kc6 Nc4 47. Ba6 1-0

[Event "Open Hradec Kralove 2019"]
[Site "Hradec Kralove"]
[Date "2019.11.02"]
[Round "9"]
[White "Bulockin, Martin"]
[Black "Chkhaidze, Nikoloz"]
[Result "0-1"]
[WhiteElo "2104"]
[BlackElo "2333"]
[PlyCount "82"]
[EventDate "2019.10.26"]

1. e4 c5 2. Nf3 g6 3. c3 Nc6 4. d4 d5 5. exd5 Qxd5 6. Be3 Bg7 7. dxc5 Qxd1+ 8.
Kxd1 Nf6 9. h3 Nd5 10. Bd2 Bf5 11. Bc4 O-O-O 12. Re1 Ndb4 13. Na3 Nd3 14. Bxd3
Rxd3 15. Ke2 Rd5 16. Red1 Bd3+ 17. Ke1 e5 18. c4 Rd7 19. Bc3 Re8 20. Nb5 e4 21.
Ng5 Bxc3+ 22. bxc3 f6 23. Nf7 Kb8 24. Nbd6 Ree7 25. Nh6 f5 26. f3 b6 27. fxe4
fxe4 28. Kf2 bxc5 29. Nb5 a6 30. Na3 e3+ 31. Kg3 Ne5 32. Ng4 Nxg4 33. hxg4 Kc7
34. Re1 e2 35. Rac1 Rf7 36. Nc2 Rde7 37. Na1 Rf1 38. Nb3 Ref7 39. Nd2 Rxe1 40.
Rxe1 Rf1 41. Nf3 g5 0-1

[Event "Open Hradec Kralove 2019"]
[Site "Hradec Kralove"]
[Date "2019.11.02"]
[Round "9"]
[White "Sorm, Daniel"]
[Black "Wiley, Tom E"]
[Result "1/2-1/2"]
[WhiteElo "2299"]
[BlackElo "2145"]
[PlyCount "67"]
[EventDate "2019.10.26"]

1. d4 Nf6 2. c4 e6 3. Nc3 Bb4 4. e3 O-O 5. Bd3 d5 6. Nf3 dxc4 7. Bxc4 c5 8. O-O
Nbd7 9. Qe2 b6 10. Rd1 cxd4 11. exd4 Bxc3 12. bxc3 Qc7 13. Ba3 Re8 14. Ne5 Bb7
15. Rac1 Rac8 16. Bd3 Red8 17. f4 Nf8 18. Rf1 g6 19. Rfe1 Nd5 20. Qf2 f6 21. c4
Nxf4 22. Qxf4 fxe5 23. Rxe5 Nd7 24. Re4 Qxf4 25. Rxf4 e5 26. dxe5 Nxe5 27. Be4
Nd3 28. Bxd3 Rxd3 29. Bb4 Rd7 30. c5 bxc5 31. Rxc5 Rxc5 32. Bxc5 Rd1+ 33. Rf1
Rxf1+ 34. Kxf1 1/2-1/2

[Event "Open Hradec Kralove 2019"]
[Site "Hradec Kralove"]
[Date "2019.11.02"]
[Round "9"]
[White "Horak, Jan"]
[Black "Swicarz, Maciej"]
[Result "0-1"]
[WhiteElo "2088"]
[BlackElo "2356"]
[PlyCount "106"]
[EventDate "2019.10.26"]

1. e4 Nf6 2. e5 Nd5 3. g3 d6 4. exd6 Qxd6 5. Bg2 g6 6. Ne2 Bg7 7. O-O O-O 8.
Nbc3 c6 9. Nxd5 cxd5 10. d4 Bg4 11. c3 Nc6 12. h3 Bxe2 13. Qxe2 e6 14. Bf4 Qd7
15. h4 Rfc8 16. h5 Na5 17. hxg6 hxg6 18. Bf3 b5 19. Kg2 b4 20. Rac1 bxc3 21.
bxc3 Rc6 22. Rh1 Rac8 23. Bh6 Bf6 24. Qe3 Qe7 25. Be2 Nc4 26. Bxc4 Rxc4 27. Bf4
Kf8 28. Be5 Ke8 29. f4 Kd7 30. Rc2 R4c6 31. Rb1 Rb6 32. Bxf6 Qxf6 33. Rcb2 Qf5
34. Rxb6 axb6 35. Rb2 Rh8 36. Qf3 g5 37. g4 Qh7 38. Kf1 gxf4 39. c4 Kc6 40.
cxd5+ exd5 41. Qc3+ Kb7 42. Rxb6+ Kxb6 43. Qc5+ Kb7 44. Qxd5+ Kc7 45. Qe5+ Kd7
46. Qd5+ Ke8 47. Qe5+ Kf8 48. Qd6+ Kg8 49. Qb8+ Kg7 50. Qe5+ f6 51. Qe7+ Kg6
52. Qe4+ Kg5 53. Qd5+ f5 0-1

[Event "Open Hradec Kralove 2019"]
[Site "Hradec Kralove"]
[Date "2019.11.02"]
[Round "9"]
[White "Jirasek, Pavel"]
[Black "Kornitzky, Tino"]
[Result "0-1"]
[WhiteElo "2310"]
[BlackElo "2077"]
[PlyCount "62"]
[EventDate "2019.10.26"]

1. c4 e6 2. g3 d5 3. Bg2 Nf6 4. d4 Bb4+ 5. Bd2 Be7 6. Nf3 O-O 7. O-O c6 8. b3
b6 9. Bc3 Ba6 10. Nbd2 Nbd7 11. Ne5 Nxe5 12. dxe5 Nd7 13. Rc1 Rc8 14. Re1 Qc7
15. Bb2 Qb8 16. f4 Rfd8 17. cxd5 Bc5+ 18. Rxc5 bxc5 19. d6 c4 20. Ne4 cxb3 21.
axb3 Qb6+ 22. Bd4 c5 23. Bf2 Bb7 24. Qc2 h6 25. Rc1 Bxe4 26. Bxe4 Rb8 27. Bxc5
Nxc5 28. Qxc5 Rbc8 29. b4 Rxc5 30. bxc5 Qb2 31. Rc4 Qxe2 0-1

[Event "Open Hradec Kralove 2019"]
[Site "Hradec Kralove"]
[Date "2019.11.02"]
[Round "9"]
[White "Cap, Piotr"]
[Black "Kratochvil, Vit"]
[Result "0-1"]
[WhiteElo "1953"]
[BlackElo "2197"]
[PlyCount "92"]
[EventDate "2019.10.26"]

1. d4 g6 2. Nf3 Bg7 3. g3 c5 4. d5 b5 5. e4 a6 6. a4 b4 7. Nbd2 d6 8. Bd3 Nf6
9. Nc4 a5 10. O-O O-O 11. Qe2 Bb7 12. Bf4 Nbd7 13. Rad1 Nb6 14. b3 Nfd7 15.
Nfd2 Qc7 16. Nxb6 Nxb6 17. Nc4 Rfc8 18. Nxb6 Qxb6 19. Bc4 Ba6 20. e5 Bxc4 21.
bxc4 Qa6 22. e6 f5 23. Kg2 Rf8 24. h4 h6 25. Qd3 Qc8 26. Bd2 Qe8 27. Qb3 Kh7
28. Rde1 Bd4 29. f3 Rg8 30. g4 Rf8 31. Kh3 Rb8 32. Kg2 Rg8 33. Qd3 Qxa4 34. h5
Rbf8 35. hxg6+ Rxg6 36. Rh1 Qa3 37. c3 bxc3 38. Bc1 Qa4 39. Rh5 Rff6 40. Rxf5
Rxf5 41. Qxf5 Qa2+ 42. Kh3 Qf2 43. Be3 Qxe1 44. Bxd4 cxd4 45. Qf7+ Rg7 46. Qf5+
Kg8 0-1

[Event "Open Hradec Kralove 2019"]
[Site "Hradec Kralove"]
[Date "2019.11.02"]
[Round "9"]
[White "Weinzettl, Ernst"]
[Black "Jiruse, Josef"]
[Result "0-1"]
[WhiteElo "2175"]
[BlackElo "1988"]
[PlyCount "36"]
[EventDate "2019.10.26"]

1. e4 c6 2. d4 d5 3. e5 Bf5 4. h4 h5 5. Bd3 Bxd3 6. Qxd3 e6 7. Bg5 Be7 8. Nf3
Nh6 9. c4 dxc4 10. Qxc4 Nd7 11. Nc3 Nb6 12. Qe2 Nf5 13. Rd1 Nd5 14. Bxe7 Nfxe7
15. O-O Nf5 16. g3 Qa5 17. Ne4 Qxa2 18. Nc5 Nc3 0-1

[Event "Open Hradec Kralove 2019"]
[Site "Hradec Kralove"]
[Date "2019.11.02"]
[Round "9"]
[White "Chudinovskikh, Alexander M"]
[Black "Kraus, Ondrej"]
[Result "1/2-1/2"]
[WhiteElo "2159"]
[BlackElo "1918"]
[PlyCount "84"]
[EventDate "2019.10.26"]

1. e4 c5 2. Nf3 e6 3. d4 cxd4 4. Nxd4 Nf6 5. Nc3 Bb4 6. e5 Ne4 7. Qg4 Nxc3 8.
Qxg7 Rf8 9. a3 Qh4 10. axb4 Qxd4 11. Bh6 Qxb4 12. Qxf8+ Qxf8 13. Bxf8 Kxf8 14.
bxc3 b6 15. Bd3 h6 16. Ra4 Bb7 17. Rh4 Bxg2 18. Rg1 Bb7 19. Rxh6 Nc6 20. f4 Ke7
21. Rg7 Rf8 22. Be4 d6 23. Bxc6 Bxc6 24. Rf6 Be8 25. Rh6 Ba4 26. exd6+ Kxd6 27.
Kd2 Ke7 28. Rh3 Bc6 29. Rg1 Rd8+ 30. Rd3 Rh8 31. h3 Bb5 32. Re3 Bc4 33. Rb1 Kf6
34. Re4 b5 35. Ra1 Rxh3 36. Rxa7 Kf5 37. Rd4 f6 38. Rc7 Rh2+ 39. Kc1 Kg4 40.
Rcxc4 bxc4 41. Rxc4 Rf2 42. Rc6 Kf5 1/2-1/2

[Event "Open Hradec Kralove 2019"]
[Site "Hradec Kralove"]
[Date "2019.11.02"]
[Round "9"]
[White "Bullen, Alex"]
[Black "Pawicka, Magdalena"]
[Result "1/2-1/2"]
[WhiteElo "2139"]
[BlackElo "1745"]
[PlyCount "58"]
[EventDate "2019.10.26"]

1. d4 d5 2. Nf3 Nf6 3. c4 dxc4 4. Qa4+ Bd7 5. Qxc4 Bc6 6. Nc3 e6 7. Ne5 Be7 8.
Bf4 O-O 9. e3 Bd5 10. Nxd5 Nxd5 11. Nd3 Nc6 12. O-O-O Nxf4 13. Nxf4 Nb4 14. Be2
Nd5 15. Nd3 Bg5 16. Qb3 Nb6 17. Nc5 Rb8 18. Bf3 c6 19. Kb1 Qe7 20. Be4 Rfd8 21.
Qc2 h6 22. g4 Nd5 23. Qe2 e5 24. Nb3 exd4 25. exd4 Ne3 26. fxe3 Qxe4+ 27. Qd3
Qxe3 28. Qxe3 Bxe3 29. Rhe1 Bg5 1/2-1/2

[Event "Open Hradec Kralove 2019"]
[Site "Hradec Kralove"]
[Date "2019.11.02"]
[Round "9"]
[White "Schoenbeck, Stephan"]
[Black "Yakimenko, Alexander A"]
[Result "0-1"]
[WhiteElo "1937"]
[BlackElo "2124"]
[PlyCount "62"]
[EventDate "2019.10.26"]

1. e4 e5 2. Nf3 Nc6 3. Bb5 a6 4. Ba4 d6 5. c3 g6 6. d3 Bg7 7. Bg5 f6 8. Bh4 g5
9. Bg3 h5 10. h4 g4 11. Nfd2 Nge7 12. d4 exd4 13. cxd4 b5 14. d5 bxa4 15. dxc6
f5 16. Nc3 a3 17. Qc2 axb2 18. Rb1 O-O 19. f4 fxe4 20. Ndxe4 Nf5 21. Bf2 g3 22.
Nxg3 Nxg3 23. Bxg3 Bf5 24. Qb3+ Kh8 25. O-O Rb8 26. Qc4 Qf6 27. Nd5 Qg6 28. Kh2
Bxb1 29. f5 Bxf5 30. Ne7 Qg4 31. Qd5 b1=Q 0-1

[Event "Open Hradec Kralove 2019"]
[Site "Hradec Kralove"]
[Date "2019.11.02"]
[Round "9"]
[White "Solc, Filip"]
[Black "Vitova, Anna"]
[Result "1-0"]
[WhiteElo "2073"]
[BlackElo "1920"]
[PlyCount "65"]
[EventDate "2019.10.26"]

1. d4 Nf6 2. Bf4 e6 3. e3 c5 4. c3 d5 5. Nd2 b6 6. Ngf3 Bb7 7. Bxb8 Rxb8 8.
Bb5+ Nd7 9. Ne5 Bc8 10. Nc6 Qc7 11. Nxb8 Qxb8 12. O-O Bd6 13. f4 O-O 14. Bd3 f5
15. Nf3 Nf6 16. Ne5 c4 17. Bc2 b5 18. a3 a5 19. h3 Qc7 20. Qe1 Be7 21. Kh1 Ne4
22. Bxe4 dxe4 23. Qe2 Bf6 24. Rad1 Bb7 25. g4 g5 26. gxf5 gxf4 27. Qg4+ Kh8 28.
Qxf4 Bxe5 29. Qxe5+ Qxe5 30. dxe5 exf5 31. Rf4 Bc6 32. e6 Kg7 33. Rg1+ 1-0

[Event "Open Hradec Kralove 2019"]
[Site "Hradec Kralove"]
[Date "2019.11.02"]
[Round "9"]
[White "Gloser, David"]
[Black "Zacek, Petr"]
[Result "1/2-1/2"]
[WhiteElo "1998"]
[BlackElo "1889"]
[PlyCount "53"]
[EventDate "2019.10.26"]

1. e4 e6 2. d4 d5 3. e5 c5 4. c3 Nc6 5. Nf3 Qb6 6. a3 Bd7 7. b4 cxd4 8. cxd4
Nge7 9. Be3 Nf5 10. Bd3 Nxe3 11. fxe3 g6 12. O-O Bh6 13. Qe2 Ne7 14. g4 O-O 15.
Nbd2 Ba4 16. Rac1 Rac8 17. Rc5 Rc6 18. g5 Bg7 19. Rb1 Rfc8 20. Ne1 Rxc5 21.
bxc5 Qc7 22. Ndf3 Rb8 23. Bb5 Bxb5 24. Rxb5 b6 25. Nd3 bxc5 26. Nxc5 Rxb5 27.
Qxb5 1/2-1/2

[Event "Open Hradec Kralove 2019"]
[Site "Hradec Kralove"]
[Date "2019.11.02"]
[Round "9"]
[White "Marinc, Damir"]
[Black "Kersten, Julian"]
[Result "1/2-1/2"]
[WhiteElo "1874"]
[BlackElo "2015"]
[PlyCount "35"]
[EventDate "2019.10.26"]

1. Nf3 Nf6 2. b3 g6 3. Bb2 Bg7 4. e3 O-O 5. d4 d6 6. Be2 e5 7. dxe5 Ng4 8. h3
Nxe5 9. Nxe5 dxe5 10. Qxd8 Rxd8 11. Nd2 Bf5 12. O-O-O a5 13. g4 Be6 14. Bc4
Bxc4 15. Nxc4 Nc6 16. a4 b6 17. Rxd8+ Rxd8 18. Rd1 1/2-1/2

[Event "Open Hradec Kralove 2019"]
[Site "Hradec Kralove"]
[Date "2019.11.02"]
[Round "9"]
[White "Trasak, Ondrej"]
[Black "Aird, Ian"]
[Result "1/2-1/2"]
[WhiteElo "1984"]
[BlackElo "1853"]
[PlyCount "88"]
[EventDate "2019.10.26"]

1. d4 d5 2. Bf4 Nf6 3. e3 Nbd7 4. c3 c5 5. Nd2 g6 6. h3 Bg7 7. Ngf3 O-O 8. Bd3
b6 9. O-O Bb7 10. Ne5 Nxe5 11. Bxe5 Nd7 12. Bxg7 Kxg7 13. f4 Nf6 14. Qf3 Qc7
15. g4 Qc6 16. Qg2 Rad8 17. Nf3 Qc7 18. Rae1 Rfe8 19. Ng5 h6 20. Nf3 Ne4 21.
Nd2 Nxd2 22. Qxd2 e6 23. Rf3 Qc8 24. Qe2 f5 25. Rg3 Kh7 26. Kh2 Rg8 27. Reg1
Qd7 28. Qg2 Qf7 29. h4 Bc6 30. Qh3 Bd7 31. Qg2 c4 32. Bb1 b5 33. a3 a5 34. Bc2
a4 35. Qh3 Rdf8 36. Bd1 Be8 37. Bf3 Bd7 38. Qg2 Be8 39. Qh3 Bd7 40. Kg2 Be8 41.
Kf2 Bd7 42. Qg2 Be8 43. Rh1 Bd7 44. Kg1 Be8 1/2-1/2

[Event "Open Hradec Kralove 2019"]
[Site "Hradec Kralove"]
[Date "2019.11.02"]
[Round "9"]
[White "Pavlicek, Lukas"]
[Black "Sadek, Vojtech"]
[Result "1/2-1/2"]
[WhiteElo "1952"]
[BlackElo "1846"]
[PlyCount "84"]
[EventDate "2019.10.26"]

1. c4 Nf6 2. Nc3 c5 3. Nf3 Nc6 4. e3 e6 5. d4 d5 6. a3 dxc4 7. Bxc4 b6 8. O-O
Bb7 9. d5 exd5 10. Nxd5 Nxd5 11. Bxd5 Qc7 12. Ng5 Ne5 13. e4 Bxd5 14. exd5 Bd6
15. f4 Ng6 16. Re1+ Ne7 17. Qa4+ Qd7 18. Qxd7+ Kxd7 19. Nxf7 Rhf8 20. Nxd6 Kxd6
21. Re6+ Kd7 22. Re5 Rf5 23. Rxf5 Nxf5 24. Bd2 h5 25. Re1 Re8 26. Re5 g6 27.
Kf2 Re7 28. Kf3 Kd6 29. Ke4 Nh6 30. Rxe7 Kxe7 31. h3 Kd6 32. Bc3 a6 33. Be5+
Ke7 34. Kf3 b5 35. g4 hxg4+ 36. hxg4 a5 37. Bg7 Nf7 38. f5 gxf5 39. gxf5 Kd6
40. Ke4 Ng5+ 41. Kf4 Nf7 42. Ke4 Ng5+ 1/2-1/2

[Event "Open Hradec Kralove 2019"]
[Site "Hradec Kralove"]
[Date "2019.11.02"]
[Round "9"]
[White "Syrkiewicz, Michal"]
[Black "Gromczak, Dariusz"]
[Result "1/2-1/2"]
[WhiteElo "1928"]
[BlackElo "1818"]
[PlyCount "55"]
[EventDate "2019.10.26"]

1. c4 b6 2. Nf3 Bb7 3. g3 e5 4. d3 g6 5. Bg2 Bg7 6. Nc3 Ne7 7. O-O O-O 8. Bg5
f6 9. Bd2 c6 10. c5 d5 11. cxd6 Qxd6 12. Ne4 Qd7 13. b4 f5 14. Nc3 Nd5 15. Qb3
Kh8 16. Nxd5 cxd5 17. Rac1 Nc6 18. b5 Ne7 19. Bb4 h6 20. Nh4 Kh7 21. Rc2 Bf6
22. Rfc1 Rac8 23. Nf3 e4 24. dxe4 fxe4 25. Nd2 Rxc2 26. Rxc2 Nf5 27. Bh3 Rc8
28. e3 1/2-1/2